[Event "Lisbon Portugal op"]
[Site "Lisbon"]
[Date "2019.02.09"]
[Round "9"]
[White "Taranin, Konstantin"]
[Black "Real, Thibault"]
[Result "0-1"]
[WhiteElo "1976"]
[BlackElo "2211"]
[PlyCount "46"]
[EventDate "2019.02.02"]
[EventType "swiss"]
[EventRounds "9"]
[EventCountry "POR"]
[SourceTitle "CBM 188 Extra"]
[Source "ChessBase"]
[SourceDate "2019.02.26"]
[SourceVersion "1"]
[SourceVersionDate "2019.02.26"]
[SourceQuality "1"]

1. e4 c5 2. Nf3 e6 3. d4 cxd4 4. Nxd4 Nc6 5. a3 Qc7 6. Nc3 a6 7. Be3 Nf6 8. Be2 b5 9. 0-0 Bb7 10. f4 Bc5 11. Nf5 Qb6 12. Nd6+ Ke7 13. Bf2 Bxf2+ 14. Rxf2 Ne8 15. Nxf7 Rf8 16. Ng5 Rxf4 17. Nf3 Nd6 18. Qd2 Raf8 19. Rd1 Ne5 20. Nxe5 Qxf2+ 21. Kh1 Qf1+ 22. Bxf1 Rxf1+ 23. Rxf1 Rxf1# 0-1

[Event "Lisbon Portugal op"]
[Site "Lisbon"]
[Date "2019.02.03"]
[Round "3"]
[White "Taranin, Konstantin"]
[Black "Sahajasri, Cholleti"]
[Result "0-1"]
[WhiteElo "1976"]
[BlackElo "2215"]
[PlyCount "92"]
[EventDate "2019.02.02"]
[EventType "swiss"]
[EventRounds "9"]
[EventCountry "POR"]
[SourceTitle "CBM 188 Extra"]
[Source "ChessBase"]
[SourceDate "2019.02.26"]
[SourceVersion "1"]
[SourceVersionDate "2019.02.26"]
[SourceQuality "1"]

1. e4 c5 2. Nf3 d6 3. d4 cxd4 4. Nxd4 Nf6 5. Nc3 a6 6. Be2 e5 7. Nb3 Be7 8. Be3 Be6 9. Nd5 Nxd5 10. exd5 Bf5 11. c4 Nd7 12. Qd2 a5 13. a4 0-0 14. 0-0 Bg6 15. f4 exf4 16. Rxf4 Bg5 17. Rf2 Bxe3 18. Qxe3 Re8 19. Qc3 Qb6 20. Nd4 Re4 21. Rd1 Rae8 22. Bf3 Re3 23. Qc1 Nc5 24. Rfd2 Nd3 25. Rxd3 Bxd3 26. c5 dxc5 27. Nc2 Bxc2 28. Qxc2 Re1+ 29. Rxe1 Rxe1+ 30. Kf2 Re8 31. Kf1 Qg6 32. Qd1 Qa6+ 33. Kf2 Qc4 34. d6 Qd4+ 35. Qxd4 cxd4 36. Bxb7 Rd8 37. Ke2 Rxd6 38. Kd3 Kf8 39. b3 Ke7 40. Be4 Kf6 41. Bf3 Ke5 42. h3 Rb6 43. Be2 Rxb3+ 44. Kc2 Ra3 45. Bb5 Ke4 46. Kb2 Rc3 0-1

[Event "Pardubice Czech op-B 24th"]
[Site "Pardubice"]
[Date "2013.07.22"]
[Round "4"]
[White "Taranin, Konstantin"]
[Black "Tichy, Stepan"]
[Result "1/2-1/2"]
[WhiteElo "1939"]
[BlackElo "2168"]
[PlyCount "47"]
[EventDate "2013.07.19"]
[EventType "swiss"]
[EventRounds "9"]
[EventCountry "CZE"]
[SourceTitle "CBM 155 Extra"]
[Source "ChessBase"]
[SourceDate "2013.08.26"]
[SourceVersion "1"]
[SourceVersionDate "2013.08.26"]
[SourceQuality "1"]

1. e4 e6 2. d4 d5 3. exd5 exd5 4. Nf3 Nf6 5. Bd3 Bd6 6. 0-0 0-0 7. Re1 Bg4 8. h3 Bh5 9. Be3 Nbd7 10. Nbd2 Re8 11. c3 c6 12. Qc2 Bg6 13. Bxg6 hxg6 14. Bg5 Qc7 15. Qd3 Bf4 16. Bxf4 Qxf4 17. Rxe8+ Rxe8 18. Re1 Rxe1+ 19. Nxe1 Nf8 20. Nef3 Ne6 21. Qe2 Qf5 22. Qe5 Qxe5 23. Nxe5 Kf8 24. Kf1 1/2-1/2

[Event "BI-2012-F-00018"]
[Site "LSS email"]
[Date "2013.02.15"]
[Round "?"]
[White "Taranin, Konstantin"]
[Black "Petersen, Hans"]
[Result "0-1"]
[WhiteElo "1861"]
[BlackElo "1534"]
[PlyCount "20"]
[EventDate "2013.02.20"]
[EventType "tourn (corr)"]
[EventRounds "10"]
[EventCountry "GER"]
[SourceTitle "Corr 2015"]
[Source "ChessBase"]
[SourceDate "2015.07.17"]
[SourceVersion "1"]
[SourceVersionDate "2015.07.17"]
[SourceQuality "1"]

1. e4 e5 2. Nf3 Nc6 3. Bc4 Nf6 4. d3 Bc5 5. Nc3 d6 6. h3 Na5 7. Bb3 Nxb3 8. axb3 a6 9. 0-0 0-0 10. Re1 c6 0-1

[Event "CP-2011-Q-00010"]
[Site "LSS email"]
[Date "2013.01.14"]
[Round "?"]
[White "Dorer, Manfred"]
[Black "Taranin, Konstantin"]
[Result "1-0"]
[WhiteElo "2254"]
[BlackElo "1861"]
[PlyCount "27"]
[EventDate "2013.01.20"]
[EventType "tourn (corr)"]
[EventRounds "8"]
[EventCountry "GER"]
[SourceTitle "Corr 2015"]
[Source "ChessBase"]
[SourceDate "2015.07.17"]
[SourceVersion "1"]
[SourceVersionDate "2015.07.17"]
[SourceQuality "1"]

1. e4 e5 2. Nf3 Nc6 3. Bb5 a6 4. Ba4 Nf6 5. 0-0 Be7 6. Re1 0-0 7. c3 b5 8. Bb3 d5 9. exd5 Nxd5 10. Nxe5 Nxe5 11. Rxe5 c6 12. d4 Bd6 13. Re1 Qh4 14. g3 1-0

[Event "CP-2011-Q-00010"]
[Site "LSS email"]
[Date "2013.01.14"]
[Round "?"]
[White "Moskalenko, Eduard"]
[Black "Taranin, Konstantin"]
[Result "1-0"]
[WhiteElo "2200"]
[BlackElo "2177"]
[PlyCount "25"]
[EventDate "2013.01.20"]
[EventType "tourn (corr)"]
[EventRounds "8"]
[EventCountry "GER"]
[SourceTitle "Corr 2022"]
[Source "ChessBase"]
[SourceDate "2021.10.24"]
[SourceVersion "1"]
[SourceVersionDate "2021.10.24"]
[SourceQuality "1"]

1. e4 e5 2. Nf3 Nc6 3. Bb5 a6 4. Ba4 Nf6 5. 0-0 Be7 6. Re1 b5 7. Bb3 0-0 8. c3 d5 9. exd5 Nxd5 10. Nxe5 Nxe5 11. Rxe5 c6 12. d4 Bd6 13. Re1 1-0

[Event "CP-2011-Q-00010"]
[Site "LSS email"]
[Date "2013.01.14"]
[Round "?"]
[White "Taranin, Konstantin"]
[Black "Soreghy, Janos"]
[Result "0-1"]
[WhiteElo "2177"]
[BlackElo "1776"]
[PlyCount "24"]
[EventDate "2013.01.20"]
[EventType "tourn (corr)"]
[EventRounds "8"]
[EventCountry "GER"]
[SourceTitle "Corr 2022"]
[Source "ChessBase"]
[SourceDate "2021.10.24"]
[SourceVersion "1"]
[SourceVersionDate "2021.10.24"]
[SourceQuality "1"]

1. e4 c5 2. Nf3 d6 3. d4 cxd4 4. Nxd4 Nf6 5. Nc3 a6 6. Be3 e5 7. Nb3 Be6 8. f3 Be7 9. Qd2 0-0 10. 0-0-0 Nbd7 11. g4 b5 12. g5 b4 0-1

[Event "WC-2016-P-00011"]
[Site "LSS email"]
[Date "2012.02.12"]
[Round "?"]
[White "De Waele, Willy"]
[Black "Taranin, Konstantin"]
[Result "1-0"]
[WhiteElo "1990"]
[BlackElo "1998"]
[PlyCount "31"]
[EventDate "2012.02.15"]
[EventType "tourn (corr)"]
[EventRounds "12"]
[EventCountry "GER"]
[SourceTitle "Corr 2015"]
[Source "ChessBase"]
[SourceDate "2015.07.17"]
[SourceVersion "1"]
[SourceVersionDate "2015.07.17"]
[SourceQuality "1"]

1. e4 e5 2. Nf3 Nc6 3. Bb5 a6 4. Ba4 Nf6 5. 0-0 Bc5 6. c3 0-0 7. d4 Ba7 8. Bg5 h6 9. Bh4 g5 10. Nxg5 hxg5 11. Bxg5 Re8 12. f4 exd4 13. e5 Re6 14. Kh1 d6 15. exf6 b5 16. Bb3 1-0

[Event "WC-2016-P-00011"]
[Site "LSS email"]
[Date "2012.02.12"]
[Round "?"]
[White "Korchut, Adam"]
[Black "Taranin, Konstantin"]
[Result "1/2-1/2"]
[WhiteElo "1837"]
[BlackElo "1998"]
[PlyCount "98"]
[EventDate "2012.02.15"]
[EventType "tourn (corr)"]
[EventRounds "12"]
[EventCountry "GER"]
[SourceTitle "Telechess CBM 159"]
[Source "ChessBase"]
[SourceDate "2014.03.17"]
[SourceVersion "1"]
[SourceVersionDate "2014.03.17"]
[SourceQuality "1"]

1. e4 e5 2. Nf3 Nc6 3. Bb5 a6 4. Bxc6 dxc6 5. Nc3 f6 6. d4 exd4 7. Qxd4 Qxd4 8. Nxd4 Bd7 9. Be3 0-0-0 10. 0-0-0 Ne7 11. f4 Ng6 12. a3 Bd6 13. g3 b6 14. Rhf1 Rhe8 15. Rfe1 Kb7 16. Nf5 Bxf5 17. exf5 Ne7 18. g4 g6 19. fxg6 Nxg6 20. f5 Nh4 21. Re2 h5 22. h3 Re7 23. Kb1 Rde8 24. Bf2 Rxe2 25. Nxe2 Nxf5 26. Nd4 Nxd4 27. Bxd4 hxg4 28. hxg4 Re4 29. Bxf6 Rxg4 30. Ka2 c5 31. Re1 a5 32. Re2 b5 33. Be5 Kc6 34. b3 c4 35. Bxd6 Kxd6 36. Kb2 Kc5 37. Re5+ Kd4 38. Rxb5 c3+ 39. Ka2 Rg2 40. Kb1 Rg1+ 41. Ka2 Rc1 42. a4 Rxc2+ 43. Kb1 Rb2+ 44. Kc1 c6 45. Rxa5 Rxb3 46. Ra6 Rb4 47. Rxc6 Rxa4 48. Rb6 Kd3 49. Rd6+ Rd4 1/2-1/2

[Event "WC-2016-P-00011"]
[Site "LSS email"]
[Date "2012.02.12"]
[Round "?"]
[White "Somogyi, Gabor"]
[Black "Taranin, Konstantin"]
[Result "1-0"]
[WhiteElo "1713"]
[BlackElo "1998"]
[PlyCount "51"]
[EventDate "2012.02.15"]
[EventType "tourn (corr)"]
[EventRounds "12"]
[EventCountry "GER"]
[SourceTitle "Telechess CBM 159"]
[Source "ChessBase"]
[SourceDate "2014.03.17"]
[SourceVersion "1"]
[SourceVersionDate "2014.03.17"]
[SourceQuality "1"]

1. e4 e5 2. Nf3 Nc6 3. Bc4 Bc5 4. c3 Nf6 5. d4 exd4 6. cxd4 Bb4+ 7. Nc3 Nxe4 8. 0-0 Bxc3 9. d5 Bf6 10. Re1 Ne7 11. Rxe4 d6 12. Bg5 Bxg5 13. Nxg5 0-0 14. Nxh7 Kxh7 15. Rh4+ Kg8 16. Qh5 f5 17. Qh7+ Kf7 18. Rh6 Rg8 19. Re1 Qf8 20. Bb5 Rh8 21. Qxh8 gxh6 22. Qh7+ Kf6 23. Rxe7 c6 24. Rc7 cxb5 25. f4 Bd7 26. Rxd7 1-0

[Event "WC-2016-P-00011"]
[Site "LSS email"]
[Date "2012.02.12"]
[Round "?"]
[White "Taranin, Konstantin"]
[Black "Janosi, Ervin"]
[Result "0-1"]
[WhiteElo "1998"]
[BlackElo "1835"]
[PlyCount "78"]
[EventDate "2012.02.15"]
[EventType "tourn (corr)"]
[EventRounds "12"]
[EventCountry "GER"]
[SourceTitle "Telechess CBM 159"]
[Source "ChessBase"]
[SourceDate "2014.03.17"]
[SourceVersion "1"]
[SourceVersionDate "2014.03.17"]
[SourceQuality "1"]

1. e4 c5 2. Nf3 e6 3. Nc3 Nc6 4. d4 cxd4 5. Nxd4 Qc7 6. Be3 a6 7. Bd3 Nf6 8. 0-0 Bd6 9. h3 b5 10. Nxc6 dxc6 11. Qd2 Bb7 12. Rad1 0-0 13. f4 e5 14. Bxb5 axb5 15. Qxd6 Qxd6 16. Rxd6 b4 17. fxe5 Ne8 18. Rd7 Ba6 19. Rfd1 bxc3 20. b3 Be2 21. Re1 Bh5 22. a4 Ra5 23. Bd4 c5 24. Bxc3 Ra6 25. a5 f6 26. exf6 Nxf6 27. Rc7 Bg6 28. Bxf6 Rfxf6 29. Rxc5 Rfc6 30. Rxc6 Rxc6 31. c4 Rc5 32. Ra1 Bxe4 33. Kf2 Kf7 34. a6 Rc6 35. Ke3 Bxg2 36. Ra2 Bh1 37. Kd4 Rb6 38. Ra3 g5 39. Kc5 Rc6+ 0-1

[Event "BI-2011-F-00003"]
[Site "LSS email"]
[Date "2012.02.12"]
[Round "?"]
[White "Taranin, Konstantin"]
[Black "Moskalenko, Eduard"]
[Result "1/2-1/2"]
[WhiteElo "1997"]
[BlackElo "2109"]
[PlyCount "48"]
[EventDate "2012.02.15"]
[EventType "tourn (corr)"]
[EventRounds "10"]
[EventCountry "GER"]
[SourceTitle "Telechess CBM 165"]
[Source "ChessBase"]
[SourceDate "2015.03.11"]
[SourceVersion "1"]
[SourceVersionDate "2015.03.11"]
[SourceQuality "1"]

1. e4 c5 2. Nf3 d6 3. d4 cxd4 4. Nxd4 Nf6 5. Nc3 a6 6. Be3 e5 7. Nb3 Be6 8. f3 h5 9. Qd2 Nbd7 10. 0-0-0 Be7 11. Kb1 Rc8 12. h3 b5 13. Bd3 0-0 14. g4 Nb6 15. Bxb6 Qxb6 16. g5 Nd7 17. Nd5 Qd8 18. Rhg1 g6 19. f4 exf4 20. Nd4 Bxd5 21. exd5 Ne5 22. Qxf4 Qd7 23. Rg3 Rc5 24. Be4 Re8 1/2-1/2

[Event "BI-2011-F-00003"]
[Site "LSS email"]
[Date "2012.02.12"]
[Round "?"]
[White "Taranin, Konstantin"]
[Black "Oliveira, Diogo Luiz"]
[Result "1/2-1/2"]
[WhiteElo "1997"]
[BlackElo "2114"]
[PlyCount "53"]
[EventDate "2012.02.15"]
[EventType "tourn (corr)"]
[EventRounds "10"]
[EventCountry "GER"]
[SourceTitle "Telechess CBM 165"]
[Source "ChessBase"]
[SourceDate "2015.03.11"]
[SourceVersion "1"]
[SourceVersionDate "2015.03.11"]
[SourceQuality "1"]

1. e4 e5 2. Nf3 Nc6 3. Bc4 Nf6 4. d3 h6 5. 0-0 d6 6. a4 Be7 7. h3 0-0 8. Nc3 Na5 9. Ba2 c5 10. Nd5 Nxd5 11. Bxd5 Be6 12. Bxe6 fxe6 13. c3 Nc6 14. b4 cxb4 15. cxb4 Nxb4 16. Qb3 d5 17. Nxe5 Bd6 18. d4 Rc8 19. Be3 Nc2 20. Rac1 Nxe3 21. Rxc8 Qxc8 22. Qxe3 dxe4 23. Qxe4 Bxe5 24. dxe5 a6 25. Kh2 b5 26. axb5 axb5 27. Qb4 1/2-1/2

[Event "BI-2011-F-00003"]
[Site "LSS email"]
[Date "2012.02.12"]
[Round "?"]
[White "Taranin, Konstantin"]
[Black "Saganauer, Richard"]
[Result "1-0"]
[WhiteElo "1997"]
[BlackElo "1612"]
[PlyCount "109"]
[EventDate "2012.02.15"]
[EventType "tourn (corr)"]
[EventRounds "10"]
[EventCountry "GER"]
[SourceTitle "Telechess CBM 165"]
[Source "ChessBase"]
[SourceDate "2015.03.11"]
[SourceVersion "1"]
[SourceVersionDate "2015.03.11"]
[SourceQuality "1"]

1. e4 e6 2. d4 d5 3. Nc3 Nf6 4. Bg5 Bb4 5. e5 h6 6. Be3 Ne4 7. Qg4 g6 8. a3 Bxc3+ 9. bxc3 c5 10. Bd3 h5 11. Qf4 g5 12. Qf3 Nxc3 13. dxc5 d4 14. Bd2 Nd7 15. Bxc3 g4 16. Qf4 dxc3 17. h3 Rg8 18. hxg4 Rxg4 19. Qh6 Nxc5 20. Qh8+ Kd7 21. Qxh5 Nxd3+ 22. cxd3 Qg8 23. g3 b6 24. Rh4 Rg5 25. Qf3 Ba6 26. Qe4 Kc7 27. Nf3 Rd8 28. Nxg5 Qxg5 29. Qf4 Qg7 30. d4 Qg6 31. 0-0-0 Be2 32. Rh6 Qg8 33. Re1 Qf8 34. Rxe2 Qxa3+ 35. Kc2 Kb8 36. Re1 b5 37. Rhh1 Qb2+ 38. Kd3 c2 39. Ra1 b4 40. Qe3 Rc8 41. Ke4 Qc3 42. Qxc3 Rxc3 43. d5 exd5+ 44. Kd4 Rc6 45. Ra4 c1Q 46. Rxb4+ Kc7 47. Rxc1 Rxc1 48. Kxd5 Rd1+ 49. Rd4 Ra1 50. f4 Kd7 51. Ke4+ Ke8 52. Rb4 a5 53. Rb8+ Ke7 54. Rb7+ Kf8 55. Kf5 1-0

[Event "BI-2011-F-00003"]
[Site "LSS email"]
[Date "2012.02.12"]
[Round "?"]
[White "Taranin, Konstantin"]
[Black "Szabo, Vilmos"]
[Result "0-1"]
[WhiteElo "1997"]
[BlackElo "2379"]
[PlyCount "168"]
[EventDate "2012.02.15"]
[EventType "tourn (corr)"]
[EventRounds "10"]
[EventCountry "GER"]
[SourceTitle "Telechess CBM 165"]
[Source "ChessBase"]
[SourceDate "2015.03.11"]
[SourceVersion "1"]
[SourceVersionDate "2015.03.11"]
[SourceQuality "1"]

1. e4 e5 2. Nf3 Nc6 3. Bc4 Nf6 4. d3 Be7 5. 0-0 0-0 6. Re1 d6 7. a4 a6 8. Nc3 h6 9. h3 Na5 10. Ba2 c5 11. Nd2 Be6 12. Nf1 Bxa2 13. Rxa2 d5 14. exd5 Nxd5 15. Nxd5 Qxd5 16. b3 Nc6 17. Ne3 Qe6 18. Qg4 Qxg4 19. Nxg4 Rfe8 20. Ba3 Bf8 21. Ne3 Rad8 22. f3 h5 23. Kf2 g6 24. Raa1 f5 25. Bb2 Bg7 26. a5 Nb4 27. Rac1 h4 28. Ba3 Bh6 29. Bxb4 cxb4 30. Re2 Bf8 31. Kf1 Bc5 32. Ra1 Re6 33. Nc4 Bd4 34. Ra4 Bc3 35. Nd2 Bxd2 36. Rxd2 Rd4 37. Re2 Rc6 38. Ra2 Rc5 39. Ke1 Kg7 40. Kf2 Kf6 41. Ra4 Rc8 42. Ra1 Kg5 43. Ke3 Rc3 44. Ra4 Rc8 45. Ra1 Re8 46. Ra4 Red8 47. Ra1 Rc8 48. Ra2 Rc7 49. Ra1 Rc3 50. Ra4 Rc5 51. Rd2 Kf6 52. Re2 Kg5 53. Rd2 Rc6 54. Re2 Rc7 55. Ra1 Kf6 56. Ra4 Rc8 57. Ra1 Rc5 58. Ra4 Rcd5 59. Ra1 Rd7 60. Ra2 g5 61. Ra4 Rf4 62. Ra1 Rc7 63. Ra4 Rc5 64. Ra2 Rd4 65. Ra4 Rc3 66. Ra2 Rc5 67. Ra4 Rf4 68. Ra2 g4 69. fxg4 fxg4 70. hxg4 Kg5 71. Ra4 Rd5 72. Ra1 Rb5 73. Ra4 Kxg4 74. Ra2 Rf1 75. Kd2 Rb1 76. Ke3 Kg3 77. Ke4 Rf1 78. Re3+ Kh2 79. Re2 Kg1 80. Ra4 Rf2 81. Rxf2 Kxf2 82. Ra2 Kg3 83. Ke3 Rd5 84. Ke4 Rc5 0-1

[Event "CP-2010-Q-00015"]
[Site "LSS email"]
[Date "2012.01.15"]
[Round "?"]
[White "Almeida, Ramiro da Costa"]
[Black "Taranin, Konstantin"]
[Result "1-0"]
[WhiteElo "2212"]
[BlackElo "1997"]
[PlyCount "101"]
[EventDate "2012.01.20"]
[EventType "tourn (corr)"]
[EventRounds "8"]
[EventCountry "GER"]
[SourceTitle "Telechess CBM 163"]
[Source "ChessBase"]
[SourceDate "2014.11.11"]
[SourceVersion "2"]
[SourceVersionDate "2014.11.11"]
[SourceQuality "1"]

1. d4 Nf6 2. Bf4 c5 3. d5 Qb6 4. Nc3 e6 5. e4 Nxe4 6. Nxe4 Qb4+ 7. Qd2 Qxe4+ 8. Ne2 d6 9. dxe6 Qxe6 10. Be3 Nc6 11. Nf4 Qe5 12. Nd5 Qxb2 13. Rc1 Rb8 14. Nc7+ Kd7 15. Nd5 b6 16. Nc3 Qa3 17. Bb5 Bb7 18. Rb1 Qa5 19. 0-0 Re8 20. Qd3 a6 21. Bxc6+ Bxc6 22. Nd5 b5 23. Qf5+ Re6 24. a4 Bxd5 25. Qxd5 Be7 26. axb5 axb5 27. Qd3 Kc6 28. Bd2 Qa6 29. Qf3+ d5 30. Qxf7 Qc8 31. Qxg7 Bd6 32. g3 b4 33. Qb2 Re4 34. c3 Qh3 35. Bg5 h6 36. Bf6 Ra8 37. Ra1 Qc8 38. cxb4 Rxb4 39. Qc2 Rxa1 40. Rxa1 Qe6 41. Bc3 Qe4 42. Qa2 Rb8 43. Qa6+ Kd7 44. Qa7+ Kc8 45. Qa2 Kc7 46. Re1 Qd3 47. Qa7+ Kc6 48. Re6 Qb1+ 49. Kg2 d4 50. Bd2 Qb2 51. Qe7 1-0

[Event "CP-2010-Q-00015"]
[Site "LSS email"]
[Date "2012.01.15"]
[Round "?"]
[White "Kolar, Jaroslav"]
[Black "Taranin, Konstantin"]
[Result "1/2-1/2"]
[WhiteElo "2112"]
[BlackElo "1997"]
[PlyCount "67"]
[EventDate "2012.01.20"]
[EventType "tourn (corr)"]
[EventRounds "8"]
[EventCountry "GER"]
[SourceTitle "Telechess CBM 163"]
[Source "ChessBase"]
[SourceDate "2014.11.11"]
[SourceVersion "2"]
[SourceVersionDate "2014.11.11"]
[SourceQuality "1"]

1. d4 Nf6 2. c4 g6 3. Nc3 Bg7 4. e4 0-0 5. Nf3 d6 6. Be2 Bg4 7. Be3 Nfd7 8. d5 c5 9. 0-0 a6 10. Qc2 Qa5 11. a3 b5 12. cxb5 axb5 13. Nxb5 Na6 14. Bd2 Qb6 15. a4 Nb4 16. Qb3 Ne5 17. Bxb4 cxb4 18. Qxb4 Nxf3+ 19. Bxf3 Bxf3 20. gxf3 Qd8 21. Qd2 e6 22. dxe6 Be5 23. f4 Qh4 24. f3 Bxf4 25. Qf2 Qh6 26. Qe2 fxe6 27. Nc7 Ra5 28. Nxe6 Bxh2+ 29. Qxh2 Rh5 30. Qg3 Rf6 31. f4 Rxe6 32. Rac1 d5 33. e5 Rexe5 34. Rc8+ 1/2-1/2

[Event "CP-2010-Q-00015"]
[Site "LSS email"]
[Date "2012.01.15"]
[Round "?"]
[White "Sidenko, Anatoly Viktorovich"]
[Black "Taranin, Konstantin"]
[Result "1/2-1/2"]
[WhiteElo "2328"]
[BlackElo "1997"]
[PlyCount "60"]
[EventDate "2012.01.20"]
[EventType "tourn (corr)"]
[EventRounds "8"]
[EventCountry "GER"]
[SourceTitle "Telechess CBM 163"]
[Source "ChessBase"]
[SourceDate "2014.11.11"]
[SourceVersion "2"]
[SourceVersionDate "2014.11.11"]
[SourceQuality "1"]

1. e4 e5 2. Nf3 Nc6 3. Bb5 a6 4. Ba4 Nf6 5. 0-0 Be7 6. Re1 b5 7. Bb3 0-0 8. c3 d5 9. exd5 Nxd5 10. Nxe5 Nxe5 11. Rxe5 c6 12. d4 Bd6 13. Re1 Qh4 14. g3 Qh3 15. Bxd5 cxd5 16. Qf3 Bf5 17. Qxd5 Rae8 18. Bd2 Bf4 19. Rxe8 Rxe8 20. Qc6 Bd7 21. Qf3 Bh6 22. c4 g6 23. Bc3 Bf5 24. Qc6 Rc8 25. Qg2 Qxg2+ 26. Kxg2 Rxc4 27. f4 Bxb1 28. Rxb1 Bg7 29. Re1 f5 30. Re2 Kf7 1/2-1/2

[Event "CP-2010-Q-00015"]
[Site "LSS email"]
[Date "2012.01.15"]
[Round "?"]
[White "Taranin, Konstantin"]
[Black "Simmelink, Joop Theo"]
[Result "1-0"]
[WhiteElo "1997"]
[BlackElo "2303"]
[PlyCount "85"]
[EventDate "2012.01.20"]
[EventType "tourn (corr)"]
[EventRounds "8"]
[EventCountry "GER"]
[SourceTitle "Telechess CBM 163"]
[Source "ChessBase"]
[SourceDate "2014.11.11"]
[SourceVersion "2"]
[SourceVersionDate "2014.11.11"]
[SourceQuality "1"]

1. e4 Nc6 2. d4 d5 3. Nc3 e5 4. dxe5 d4 5. Nd5 f5 6. exf6 Nxf6 7. Bc4 Be6 8. Bg5 Nxd5 9. Bxd8 Bb4+ 10. Ke2 Nc3+ 11. bxc3 Bxc4+ 12. Kf3 0-0+ 13. Kg4 Be6+ 14. Kh5 g6+ 15. Kh4 Rf4+ 16. g4 Bxc3 17. Bxc7 Rxg4+ 18. Qxg4 Bxg4 19. Rb1 Bh5 20. Kg3 Rf8 21. Bf4 b6 22. f3 Na5 23. h4 Nc4 24. Ne2 Nd2 25. Nxc3 dxc3 26. Rb4 Bxf3 27. Re1 h5 28. Rd4 Bg4 29. Rd3 Rc8 30. Bxd2 cxd2 31. Rxd2 Kf7 32. Re3 Rc7 33. Kf4 Kf6 34. Ra3 Be6 35. Rdd3 Kg7 36. Rac3 Rf7+ 37. Kg5 Re7 38. a3 Bg8 39. Rd6 Bf7 40. Kf4 Be8 41. e5 Ba4 42. Rf6 Be8 43. Rc8 1-0

[Event "CP-2010-Q-00015"]
[Site "LSS email"]
[Date "2012.01.15"]
[Round "?"]
[White "Taranin, Konstantin"]
[Black "Szczepanski, Zbigniew"]
[Result "1/2-1/2"]
[WhiteElo "1997"]
[BlackElo "2464"]
[PlyCount "78"]
[EventDate "2012.01.20"]
[EventType "tourn (corr)"]
[EventRounds "8"]
[EventCountry "GER"]
[SourceTitle "Telechess CBM 163"]
[Source "ChessBase"]
[SourceDate "2014.11.11"]
[SourceVersion "2"]
[SourceVersionDate "2014.11.11"]
[SourceQuality "1"]

1. e4 c5 2. Nf3 Nc6 3. Bb5 g6 4. 0-0 Bg7 5. Nc3 Nf6 6. e5 Ng4 7. Bxc6 dxc6 8. Re1 0-0 9. h3 Nh6 10. d3 b6 11. Ne4 Nf5 12. Bf4 Nd4 13. c3 Ne6 14. Be3 Qc7 15. d4 cxd4 16. cxd4 Bb7 17. Nc3 Rad8 18. Qb3 Rd7 19. Rad1 Rfd8 20. Rd2 h6 21. Red1 Qc8 22. Qc4 g5 23. b4 Nf8 24. Ne2 c5 25. dxc5 Bxf3 26. gxf3 Rxd2 27. Rxd2 Rxd2 28. Bxd2 bxc5 29. bxc5 Qxh3 30. Qg4 Qxg4+ 31. fxg4 Bxe5 32. c6 Ne6 33. Kg2 Bc7 34. Kf3 Kf8 35. Be3 a6 36. Ke4 Ng7 37. f4 f6 38. fxg5 hxg5 39. Nc3 e6 1/2-1/2

[Event "SA-2011-0-00198"]
[Site "LSS email"]
[Date "2011.06.18"]
[Round "?"]
[White "Aalderink, Gerwin"]
[Black "Taranin, Konstantin"]
[Result "1/2-1/2"]
[WhiteElo "2026"]
[BlackElo "1997"]
[PlyCount "59"]
[EventDate "2011.05.14"]
[EventType "tourn (corr)"]
[EventRounds "6"]
[EventCountry "GER"]
[SourceTitle "Telechess CBM 163"]
[Source "ChessBase"]
[SourceDate "2014.11.11"]
[SourceVersion "2"]
[SourceVersionDate "2014.11.11"]
[SourceQuality "1"]

1. Nf3 Nf6 2. d4 c5 3. d5 b5 4. Bg5 Qb6 5. e3 Bb7 6. Nc3 b4 7. Na4 Qa5 8. Bxf6 exf6 9. c3 Be7 10. Be2 0-0 11. 0-0 f5 12. a3 g6 13. axb4 cxb4 14. Nd4 bxc3 15. Nxc3 Qb6 16. Qa4 Rc8 17. Rfc1 a5 18. Qb5 Qxb5 19. Bxb5 Bb4 20. Na4 Rxc1+ 21. Rxc1 Ra7 22. Bf1 Ba6 23. Nc5 Kg7 24. h3 Bxf1 25. Kxf1 Na6 26. Nxa6 Rxa6 27. Rc7 Rd6 28. Nc2 Bd2 29. Rc5 Rb6 30. Ke2 1/2-1/2

[Event "BI-2011-P-00015"]
[Site "LSS email"]
[Date "2011.04.17"]
[Round "?"]
[White "Rossetti, Mario"]
[Black "Taranin, Konstantin"]
[Result "0-1"]
[WhiteElo "1655"]
[BlackElo "2060"]
[PlyCount "72"]
[EventDate "2011.04.20"]
[EventType "tourn (corr)"]
[EventRounds "10"]
[EventCountry "GER"]
[SourceTitle "Telechess CBM 157"]
[Source "ChessBase"]
[SourceDate "2013.11.12"]
[SourceVersion "1"]
[SourceVersionDate "2013.11.12"]
[SourceQuality "1"]

1. e4 e5 2. Nf3 Nc6 3. Bb5 a6 4. Bxc6 dxc6 5. 0-0 f6 6. Nc3 Bg4 7. h3 Bh5 8. Re1 Bd6 9. g4 Bf7 10. d4 h5 11. dxe5 fxe5 12. Ng5 Qe7 13. Qf3 hxg4 14. Qxf7+ Qxf7 15. Nxf7 Kxf7 16. hxg4 Nf6 17. g5 Ng4 18. Kg2 Bc5 19. Rf1 Rh4 20. Rh1 Rxh1 21. Kxh1 Nxf2+ 22. Kg2 Kg6 23. b3 Rf8 24. Bd2 Nd3 25. Rf1 Nf4+ 26. Bxf4 Rxf4 27. Rxf4 exf4 28. e5 Bd4 29. Ne4 Kf5 30. e6 Kxe6 31. Kf3 Kf5 32. c3 Ba7 33. c4 Be3 34. a3 c5 35. a4 g6 36. a5 Bd4 0-1

[Event "BI-2011-P-00015"]
[Site "LSS email"]
[Date "2011.04.17"]
[Round "?"]
[White "Tsirakovsky, Sergey"]
[Black "Taranin, Konstantin"]
[Result "1/2-1/2"]
[WhiteElo "1960"]
[BlackElo "2060"]
[PlyCount "59"]
[EventDate "2011.04.20"]
[EventType "tourn (corr)"]
[EventRounds "10"]
[EventCountry "GER"]
[SourceTitle "Telechess CBM 157"]
[Source "ChessBase"]
[SourceDate "2013.11.12"]
[SourceVersion "1"]
[SourceVersionDate "2013.11.12"]
[SourceQuality "1"]

1. e4 e5 2. Nf3 Nc6 3. d4 exd4 4. Nxd4 Nf6 5. Nxc6 bxc6 6. e5 Qe7 7. Qe2 Nd5 8. c4 Ba6 9. b3 g6 10. Bb2 Bg7 11. Nd2 Nb4 12. Nf3 c5 13. g3 0-0 14. Bg2 Rab8 15. 0-0 d5 16. Nd2 d4 17. f4 f6 18. Nf3 Bb7 19. Rae1 Nxa2 20. Bxd4 cxd4 21. Qxa2 d3 22. Qxa7 fxe5 23. Nxe5 Bxg2 24. Kxg2 Qd6 25. Rf2 Rxb3 26. Rd2 g5 27. Qe3 gxf4 28. gxf4 Qh6 29. Rf1 Qe6 30. Rxd3 1/2-1/2